Unish shataker nari samaj o vidyasagar (Record no. 450670)

MARC details
000 -LEADER
fixed length control field 00726nam a2200253Ia 4500
003 - CONTROL NUMBER IDENTIFIER
control field OSt
005 - DATE AND TIME OF LATEST TRANSACTION
control field 20220924142425.0
008 - FIXED-LENGTH DATA ELEMENTS--GENERAL INFORMATION
fixed length control field 220923b |||||||| |||| 00| 0 ben d
020 ## - INTERNATIONAL STANDARD BOOK NUMBER
International Standard Book Number 8182660270 (hbk)
037 ## - SOURCE OF ACQUISITION
Terms of availability Textual
040 ## - CATALOGING SOURCE
Original cataloging agency ARTS
Transcribing agency ARTS
Language of cataloging ben
041 ## - LANGUAGE CODE
Source of code ben
Language code of text/sound track or separate title ben
100 ## - MAIN ENTRY--PERSONAL NAME
Personal name Dey Vidyut Vikash
9 (RLIN) 213374
245 #0 - TITLE STATEMENT
Title Unish shataker nari samaj o vidyasagar
260 ## - PUBLICATION, DISTRIBUTION, ETC.
Date of publication, distribution, etc. 2007
650 ## - SUBJECT ADDED ENTRY--TOPICAL TERM
Topical term or geographic name entry element Sociology
942 ## - ADDED ENTRY ELEMENTS (KOHA)
Classification part Y15.275'N, 157P7
Koha item type Textual
Source of classification or shelving scheme Colon Classification (CC)

No items available.

Copyright @ Delhi University Library System